První kost božího těla /

Hlavní autor: Stradický ze Strdic, Odillo, 1968-
Jazyk: Čeština
Vydáno: Brno : Petrov, 1998
Vydání: Vyd. 1.
Témata:
Fyzický popis: 175 s. ; 23 cm
Knihy
Uloženo v:
LEADER 00878nam a2200277 a 4500
001 000276674
003 CZ BrMZK
005 20210129182004.0
007 ta
008 980115s1998 xr g p cze d
015 |a cnb000302451 
020 |a 80-7227-015-X 
035 |a (OCoLC)39615463 
040 |a BOA001  |b cze 
072 7 |a 821.162.3-1  |x Česká poezie  |2 Konspekt  |9 25 
080 |a 821.162.3-1  |2 MRF 
080 |a (0:82-1)  |2 MRF 
100 1 |a Stradický ze Strdic, Odillo,  |d 1968-  |7 jn19990010109  |4 aut 
245 1 0 |a První kost božího těla /  |c Petr Odillo Stradický-Stanczyk ze Strdic 
250 |a Vyd. 1. 
260 |a Brno :  |b Petrov,  |c 1998 
300 |a 175 s. ;  |c 23 cm 
655 7 |a česká poezie  |7 fd133958  |2 czenas 
910 |a BOA001  |b 2-1041.208 
990 |a BK 
996 6 |b 2610064564  |c 2-1041.208  |l MZK  |r Sklad / do 1 hodiny  |n 6  |p p.v.  |w 000276674  |u 000010  |a 1  |e BOA001  |j MZK50  |s P